00377nam a22001217a 4500008004100000020001500041050001900056100003400075245005000109260004900159300001800208650002900226130528t19962005mx |||| |||| 00| 0 spa d a9684762445 aK123bM35 1996 aMalem Seña, Jorge Francisco aEstudios de ética jurídicac/ Jorge Malem aMéxicob: Distribuciones Fontamarac, 1996 a125 páginas 0aÉTICA LEGAL zMÉXICO